[Event "Hamburg-Nordrhein-Westfalen"]
[Site "Wismar"]
[Date "2009.10.03"]
[Round "7.1"]
[White "Savchenko, Aleksij"]
[Black "Bracker, Arne"]
[Result "1-0"]
[WhiteElo "2246"]
[BlackElo "2219"]
[PlyCount "35"]
[EventDate "2009.??.??"]

1. d4 Nf6 2. c4 g6 3. Nc3 Bg7 4. e4 d6 5. f3 O-O 6. Be3 a6 7. Qd2 Nbd7 8. O-O-O
b5 9. g4 c6 10. g5 Ne8 11. h4 bxc4 12. h5 Nb6 13. Qh2 d5 14. hxg6 fxg6 15.
Qxh7+ Kf7 16. Rh6 Rg8 17. Qxg6+ Kf8 18. Rh4 1-0

[Event "Hamburg-Nordrhein-Westfalen"]
[Site "Wismar"]
[Date "2009.10.03"]
[Round "7.2"]
[White "Lampert, Jonas"]
[Black "Kelbling, Philipp"]
[Result "1/2-1/2"]
[WhiteElo "2111"]
[BlackElo "2116"]
[PlyCount "80"]
[EventDate "2009.??.??"]

1. e4 d6 2. d4 Nf6 3. Nc3 g6 4. Be3 c6 5. h3 Nbd7 6. f4 b5 7. Bd3 b4 8. Nce2
Bg7 9. Nf3 Qc7 10. O-O O-O 11. Qe1 c5 12. c3 bxc3 13. bxc3 e6 14. Qh4 Bb7 15.
f5 exf5 16. exf5 Rfe8 17. fxg6 hxg6 18. Kf2 Be4 19. Bxe4 Nxe4+ 20. Kg1 Qa5 21.
Ng5 Nxg5 22. Qxg5 Re6 23. Rf3 Rae8 24. h4 Bf6 25. Qg3 Bxh4 26. Qh3 cxd4 27.
cxd4 Bg5 28. Bxg5 Qxg5 29. Raf1 R6e7 30. Nc3 Nf8 31. Rg3 Qd2 32. Qh4 Re1 33.
Rh3 Rxf1+ 34. Kh2 Rh1+ 35. Kxh1 Qe1+ 36. Qxe1 Rxe1+ 37. Kh2 a6 38. Nd5 Rd1 39.
Nf6+ Kg7 40. Ne8+ Kg8 1/2-1/2

[Event "Hamburg-Nordrhein-Westfalen"]
[Site "Wismar"]
[Date "2009.10.03"]
[Round "7.4"]
[White "Ludwig, Jan"]
[Black "Bluebaum, Johanna"]
[Result "1-0"]
[WhiteElo "1979"]
[BlackElo "2024"]
[PlyCount "71"]
[EventDate "2009.??.??"]

1. e4 e6 2. d4 d5 3. e5 c5 4. c3 Nc6 5. Nf3 Qb6 6. a3 c4 7. Nbd2 Na5 8. Be2 Bd7
9. O-O Ne7 10. Rb1 Qc7 11. Re1 Nc8 12. Qc2 Nb6 13. b3 cxb3 14. Nxb3 Nxb3 15.
Qxb3 Rc8 16. Bd2 Be7 17. Bd3 h6 18. Bb5 O-O 19. a4 Bxb5 20. Qxb5 Rb8 21. Qa5
Ra8 22. Rb3 Rfc8 23. Reb1 Qc4 24. Qb5 Bd8 25. Qe8+ Kh7 26. Qxf7 Nxa4 27. Rxb7
Rc7 28. Qxe6 Qd3 29. R1b3 Qc2 30. h3 Nb6 31. Rxc7 Bxc7 32. Rb5 Rf8 33. Bxh6 Qd3
34. Ng5+ Kh8 35. Qe7 Rg8 36. Bxg7+ 1-0

[Event "Hamburg-Nordrhein-Westfalen"]
[Site "Wismar"]
[Date "2009.10.03"]
[Round "7.5"]
[White "Pauly, Carlo"]
[Black "Stanau, Guido"]
[Result "1/2-1/2"]
[WhiteElo "2032"]
[BlackElo "1763"]
[PlyCount "114"]
[EventDate "2009.??.??"]

1. d4 Nf6 2. c4 Nc6 3. Nc3 e5 4. d5 Ne7 5. Bg5 Ng6 6. h4 Bb4 7. h5 Ne7 8. Qc2
Bxc3+ 9. bxc3 d6 10. h6 Nf5 11. hxg7 Nxg7 12. e4 h5 13. Be2 Bd7 14. Qd3 Kf8 15.
g4 h4 16. Rxh4 Rxh4 17. Bxh4 a6 18. Qh3 Nge8 19. Bg5 b5 20. Qh8+ Ke7 21. Bh4
bxc4 22. g5 Nxe4 23. g6+ N8f6 24. Qg7 Qg8 25. Bxf6+ Nxf6 26. Qxf7+ Qxf7 27.
gxf7 Nxd5 28. Bxc4 Nb6 29. Bb3 d5 30. Nf3 Kf6 31. O-O-O Bg4 32. Bxd5 Nxd5 33.
Rg1 Bxf3 34. Rg8 Kxf7 35. Rxa8 Be2 36. Kd2 Bc4 37. a3 Ke7 38. Rh8 Kf7 39. Rh4
Bf1 40. Rh1 Bg2 41. Rh4 Ke7 42. Rh7+ Ke6 43. c4 Nb6 44. Rxc7 Kd6 45. Ra7 Kc5
46. Rxa6 Bb7 47. Ra7 Nxc4+ 48. Kc3 Nd6 49. Ra5+ Nb5+ 50. Kd3 e4+ 51. Ke3 Kb6
52. Ra4 Kc5 53. Kf4 Nc3 54. Ra5+ Kc6 55. Rg5 Kd6 56. Rg7 Bc6 57. Rg5 Bb7
1/2-1/2

[Event "Hamburg-Nordrhein-Westfalen"]
[Site "Wismar"]
[Date "2009.10.03"]
[Round "7.6"]
[White "Garny, Annica"]
[Black "Karmann, Anna"]
[Result "0-1"]
[WhiteElo "1787"]
[BlackElo "1927"]
[PlyCount "66"]
[EventDate "2009.??.??"]

1. e4 c5 2. Nf3 a6 3. d4 cxd4 4. Nxd4 Nf6 5. Nc3 e5 6. Nf5 d5 7. Nxd5 Nxd5 8.
Nxg7+ Bxg7 9. exd5 b5 10. a4 b4 11. Bc4 Qd6 12. O-O O-O 13. b3 e4 14. Rb1 Qg6
15. Re1 Bh3 16. g3 Nd7 17. Bb2 Bxb2 18. Rxb2 Ne5 19. Be2 Qf6 20. Rb1 Rac8 21.
d6 Rfd8 22. Qd5 Bf5 23. f4 exf3 24. Bxf3 Nxf3+ 25. Qxf3 Rxd6 26. Rf1 Qd4+ 27.
Rf2 Bg6 28. Qf4 Qxf4 29. Rxf4 a5 30. Re1 Rxc2 31. Re5 Rd1+ 32. Rf1 Rdd2 33. Ra1
Rg2+ 0-1

[Event "Hamburg-Nordrhein-Westfalen"]
[Site "Wismar"]
[Date "2009.10.03"]
[Round "7.7"]
[White "Wolff, Christopher"]
[Black "Lemke, Berfín"]
[Result "1-0"]
[WhiteElo "1808"]
[BlackElo "1393"]
[PlyCount "59"]
[EventDate "2009.??.??"]

1. e4 e5 2. Nf3 Nc6 3. Bb5 a6 4. Ba4 Nf6 5. O-O d6 6. Re1 Be7 7. h3 O-O 8. c3
b5 9. Bc2 Re8 10. d4 Bf8 11. Nbd2 Bb7 12. b3 Nd7 13. Nf1 Nb6 14. Ng3 h6 15. Nf5
Qf6 16. Nh2 Qg6 17. Re3 Ne7 18. Rg3 Qe6 19. d5 Qd7 20. Nxh6+ Kh7 21. Nxf7 g6
22. Ng5+ Kg8 23. Qf3 Nec8 24. Ne6 Rxe6 25. dxe6 Qxe6 26. h4 Ne7 27. h5 Nd7 28.
hxg6 Nxg6 29. Qf5 Qxf5 30. exf5 1-0

[Event "Hamburg-Nordrhein-Westfalen"]
[Site "Wismar"]
[Date "2009.10.03"]
[Round "7.8"]
[White "Rolfs, Rebecca"]
[Black "Bork, Sophie"]
[Result "1-0"]
[WhiteElo "1158"]
[BlackElo "1181"]
[PlyCount "73"]
[EventDate "2009.??.??"]

1. e4 e5 2. Nf3 Nf6 3. Nc3 Bb4 4. d3 d6 5. Bg5 Bg4 6. Be2 Nbd7 7. O-O c6 8. a3
Bxc3 9. bxc3 O-O 10. Nh4 Bxe2 11. Qxe2 h6 12. Bd2 d5 13. exd5 cxd5 14. Qf3 e4
15. Qg3 Qb8 16. Bf4 Nh5 17. Bxb8 Nxg3 18. Bxg3 g5 19. Nf5 Kh7 20. Rab1 b6 21.
Rb5 Nf6 22. Be5 Kg6 23. Nxh6 Rae8 24. Bxf6 Kxf6 25. Rxd5 Rh8 26. Ng4+ Kg6 27.
Rd6+ Kg7 28. Nf6 Rc8 29. Nxe4 g4 30. Re1 Rce8 31. Re3 Rc8 32. Rd7 Kg6 33. Rxa7
f5 34. Nd6 Rxc3 35. Re6+ Kg5 36. Nf7+ Kf4 37. g3+ 1-0

[Event "Mecklenburg-Vorpommern 1-Niedersachsen"]
[Site "Wismar"]
[Date "2009.10.03"]
[Round "7.1"]
[White "Lubbe, Nikolas"]
[Black "Kesten, Sebastian"]
[Result "1/2-1/2"]
[WhiteElo "2330"]
[BlackElo "2148"]
[PlyCount "103"]
[EventDate "2009.??.??"]

1. e4 c5 2. Nf3 Nc6 3. d4 cxd4 4. Nxd4 g6 5. Nc3 Bg7 6. Be3 Nf6 7. Qd2 Ng4 8.
Nxc6 dxc6 9. Qxd8+ Kxd8 10. Rd1+ Bd7 11. Bg5 f6 12. Bc1 Kc7 13. Be2 h5 14. O-O
Rad8 15. h3 Nh6 16. Be3 b6 17. Bc4 Bc8 18. a4 a5 19. Rd3 Rxd3 20. cxd3 e5 21.
f4 Re8 22. d4 exd4 23. Bxd4 Re7 24. Rc1 Kb7 25. Rb1 Rd7 26. Be3 Bf8 27. Rd1 Bb4
28. Rxd7+ Bxd7 29. f5 g5 30. Bd4 Be7 31. Kf2 Be8 32. Be6 Nf7 33. Bxf7 Bxf7 34.
e5 c5 35. e6 cxd4 36. Nd5 Be8 37. Nxe7 Bxa4 38. Nd5 Kc6 39. Nxf6 Kd6 40. g4
hxg4 41. hxg4 Bd1 42. Ke1 Bf3 43. Kf2 Bd1 44. Ke1 Bf3 45. Kd2 Ke7 46. Nd7 Bxg4
47. f6+ Kxe6 48. f7 Kxf7 49. Ne5+ Ke6 50. Nxg4 Kd5 51. Kd3 Kc5 52. Ne5 1/2-1/2

[Event "Mecklenburg-Vorpommern 1-Niedersachsen"]
[Site "Wismar"]
[Date "2009.10.03"]
[Round "7.2"]
[White "Kugler, Florian"]
[Black "Guennigmann, Manuel"]
[Result "1-0"]
[WhiteElo "2085"]
[BlackElo "2158"]
[PlyCount "103"]
[EventDate "2009.??.??"]

1. e4 c5 2. Nf3 Nc6 3. Bb5 g6 4. O-O Bg7 5. Bxc6 dxc6 6. d3 Nh6 7. Re1 f6 8.
Nc3 e5 9. a3 O-O 10. b4 cxb4 11. axb4 Nf7 12. Bb2 f5 13. exf5 gxf5 14. Na4 Re8
15. c4 b6 16. Qc2 Bd7 17. Re2 Qc7 18. Nc3 Kh8 19. Kf1 Re6 20. Qb3 Rae8 21. Qc2
Bc8 22. b5 Nd8 23. Rae1 Bb7 24. bxc6 Bxc6 25. Nd5 Qd6 26. Nxe5 Rxe5 27. Bxe5
Rxe5 28. Rxe5 Bxe5 29. d4 Bg7 30. Qxf5 Bd7 31. Qh5 Ne6 32. Qf7 Ng5 33. Qe7 Qxe7
34. Rxe7 Bc6 35. Nb4 Bf6 36. Nxc6 Bxe7 37. Nxe7 Ne6 38. d5 Nc5 39. Nc8 a5 40.
Nxb6 a4 41. Nxa4 Nxa4 42. d6 Nc5 43. Ke2 Kg7 44. Ke3 Nb7 45. Kd4 Nxd6 46. Kd5
Ne8 47. Ke6 Kf8 48. c5 Nc7+ 49. Kd7 Na6 50. c6 Nc5+ 51. Kd6 Ne4+ 52. Ke5 1-0

[Event "Mecklenburg-Vorpommern 1-Niedersachsen"]
[Site "Wismar"]
[Date "2009.10.03"]
[Round "7.3"]
[White "Bradler, Stephan"]
[Black "Voelsgen, Georg"]
[Result "0-1"]
[WhiteElo "2125"]
[BlackElo "1987"]
[PlyCount "54"]
[EventDate "2009.??.??"]

1. e4 e5 2. Nf3 Nc6 3. Bc4 Bc5 4. c3 Nf6 5. d3 d6 6. h3 Bd7 7. b4 Bb6 8. Nbd2
Ne7 9. Nf1 Ng6 10. Ng3 Qe7 11. Be3 c6 12. O-O O-O 13. Bb3 Nf4 14. Qd2 N6h5 15.
Nxh5 Nxh5 16. Kh2 Kh8 17. a4 f5 18. Bg5 Qe8 19. exf5 Bxf5 20. Rae1 Qd7 21. a5
Bxh3 22. Ng1 Bxg2 23. Kxg2 Qg4+ 24. Kh1 Nf4 25. Bxf4 Rxf4 26. f3 Qh5+ 27. Kg2
Qg5+ 0-1

[Event "Mecklenburg-Vorpommern 1-Niedersachsen"]
[Site "Wismar"]
[Date "2009.10.03"]
[Round "7.4"]
[White "Stoevesand, Eric"]
[Black "Kyas, Philipp"]
[Result "1-0"]
[WhiteElo "1847"]
[BlackElo "1953"]
[PlyCount "119"]
[EventDate "2009.??.??"]

1. e4 e5 2. Nf3 Nc6 3. Bb5 a6 4. Ba4 Nf6 5. O-O b5 6. Bb3 Be7 7. Re1 d6 8. c3
O-O 9. h3 Na5 10. Bc2 c5 11. d4 Nd7 12. Nbd2 exd4 13. cxd4 Nc6 14. Nf1 Nxd4 15.
Nxd4 cxd4 16. Qxd4 Ne5 17. Ne3 Bxh3 18. f4 Nc6 19. Qd1 Bd7 20. Nd5 Bh4 21. Rf1
Bg3 22. Qh5 Nd4 23. Bd1 b4 24. Be3 Nc6 25. Ba4 Rb8 26. Rac1 Nd4 27. Bxd4 Bxa4
28. Qg4 f6 29. Qxg3 Rb7 30. f5 b3 31. a3 Bb5 32. Rf3 Kh8 33. Rxb3 Qa5 34. Rbc3
Qa4 35. Qe3 Be8 36. Rc8 Rb3 37. Qd2 Qb5 38. Nc7 Qd7 39. Rxe8 Rxe8 40. Nxe8 Qxe8
41. Qc2 Rb8 42. Qc6 Qf8 43. Qxa6 h6 44. Qc6 Qe7 45. a4 Rb4 46. Rc4 Rxc4 47.
Qxc4 Qxe4 48. Qc3 Qb1+ 49. Kh2 Qxf5 50. a5 Qh5+ 51. Kg1 Qe2 52. b4 Kh7 53. Qa1
Qa6 54. b5 Qxb5 55. a6 Qd5 56. a7 Qa8 57. Qb1+ g6 58. Qb3 d5 59. Qb6 Qc8 60.
Qxf6 1-0

[Event "Mecklenburg-Vorpommern 1-Niedersachsen"]
[Site "Wismar"]
[Date "2009.10.03"]
[Round "7.5"]
[White "Dorn, Carina"]
[Black "Scheel, Henrik"]
[Result "0-1"]
[WhiteElo "1856"]
[BlackElo "1632"]
[PlyCount "72"]
[EventDate "2009.??.??"]

1. d4 d5 2. c4 dxc4 3. e3 Nf6 4. Bxc4 e6 5. Nc3 c5 6. Nf3 Nc6 7. O-O a6 8. a4
cxd4 9. exd4 Be7 10. Bg5 O-O 11. Qd2 b6 12. Rad1 Nd5 13. Bxe7 Ndxe7 14. Rfe1
Bb7 15. Qf4 Ng6 16. Qg3 Nce7 17. Ne5 Nf5 18. Qg4 Nxe5 19. dxe5 Qh4 20. Qxh4
Nxh4 21. Ne4 Rfd8 22. Rxd8+ Rxd8 23. f3 Rd4 24. b3 Bxe4 25. Rxe4 Rxe4 26. fxe4
a5 27. Kf2 Ng6 28. Ke3 Nxe5 29. Kd4 Nc6+ 30. Kc3 Kf8 31. Bb5 Na7 32. Kc4 Ke7
33. e5 f6 34. exf6+ gxf6 35. g4 Nxb5 36. Kxb5 e5 0-1

[Event "Mecklenburg-Vorpommern 1-Niedersachsen"]
[Site "Wismar"]
[Date "2009.10.03"]
[Round "7.8"]
[White "Sadewasser, Lucie"]
[Black "Diederichs, Luise"]
[Result "0-1"]
[WhiteElo "1031"]
[BlackElo "1521"]
[PlyCount "38"]
[EventDate "2009.??.??"]

1. e4 e6 2. Nf3 d5 3. exd5 exd5 4. d4 Bd6 5. Nc3 Nf6 6. Bg5 c6 7. Bd3 Be6 8.
O-O Nbd7 9. Qe2 Qe7 10. Ne5 O-O-O 11. Qe3 h6 12. Bh4 g5 13. Bg3 Nh5 14. Be2
Nxg3 15. Qxg3 Qf6 16. Ng4 Bxg4 17. Qxg4 h5 18. Qg3 Bxg3 19. fxg3 Qe6 0-1

[Event "Wuerttemberg-Saarland"]
[Site "Wismar"]
[Date "2009.10.03"]
[Round "7.1"]
[White "Wild, Achim"]
[Black "FM Strunski, Andreas"]
[Result "0-1"]
[WhiteElo "2033"]
[BlackElo "2394"]
[PlyCount "50"]
[EventDate "2009.??.??"]

1. d4 Nf6 2. Nf3 g6 3. Nc3 d5 4. Bf4 Bg7 5. e3 O-O 6. Be2 c6 7. Ne5 Nbd7 8. h4
Nxe5 9. Bxe5 h5 10. f3 Ne8 11. Bxg7 Nxg7 12. Qd2 e5 13. O-O-O exd4 14. exd4 Re8
15. g4 Qe7 16. Rde1 Qe3 17. Bd1 Qxd2+ 18. Kxd2 Bd7 19. Rhg1 Rxe1 20. Rxe1 f6
21. Rg1 Kf7 22. Ne2 hxg4 23. fxg4 Rh8 24. h5 gxh5 25. gxh5 Rxh5 0-1

[Event "Wuerttemberg-Saarland"]
[Site "Wismar"]
[Date "2009.10.03"]
[Round "7.2"]
[White "Pogan, Nikolas"]
[Black "Mueller, Denis"]
[Result "1-0"]
[WhiteElo "2069"]
[BlackElo "1922"]
[PlyCount "51"]
[EventDate "2009.??.??"]

1. d4 Nf6 2. c4 g6 3. g3 Bg7 4. Bg2 O-O 5. Nc3 d6 6. Nf3 Nbd7 7. O-O e5 8. e4
exd4 9. Nxd4 Re8 10. h3 a6 11. Be3 Rb8 12. b3 c5 13. Nde2 b5 14. Qxd6 b4 15.
Na4 Nxe4 16. Bxe4 Rxe4 17. Rad1 Qa5 18. Qc6 Re6 19. Qd5 Bf8 20. Bf4 Rb7 21.
Rfe1 Be7 22. Nd4 Nf6 23. Qxe6 Bxe6 24. Nc6 Qxa4 25. bxa4 Bf8 26. Nd8 1-0

[Event "Wuerttemberg-Saarland"]
[Site "Wismar"]
[Date "2009.10.03"]
[Round "7.3"]
[White "Grewenig, Jan"]
[Black "Erben, Larissa"]
[Result "0-1"]
[WhiteElo "1881"]
[BlackElo "2035"]
[PlyCount "114"]
[EventDate "2009.??.??"]

1. e4 c5 2. Nf3 e6 3. d4 cxd4 4. Nxd4 Nc6 5. Be3 a6 6. Be2 Nf6 7. Nd2 Qc7 8.
N4b3 d5 9. Bf3 Ne5 10. exd5 Nxf3+ 11. Qxf3 Nxd5 12. c3 Nxe3 13. fxe3 Bd6 14.
O-O-O O-O 15. Ne4 Be7 16. Kb1 b5 17. Qh5 Bb7 18. Ng5 h6 19. Nf3 b4 20. cxb4
Bxb4 21. Rd4 Be7 22. Rg4 Kh8 23. Rc1 Qd8 24. Ne5 Qe8 25. Rf1 f5 26. Ng6+ Kg8
27. Nxe7+ Qxe7 28. Rg6 Be4+ 29. Ka1 f4 30. Rg4 fxe3 31. Re1 Bd5 32. Qxh6 Qa7
33. Rg3 e2 34. Qe3 Bc4 35. Nd2 Rf1 36. Rxf1 Qxe3 37. Rxe3 exf1=Q+ 38. Nxf1 Bxf1
39. Rxe6 Bxg2 40. b3 Bf1 41. Re1 Bb5 42. Kb2 Rf8 43. Rc1 Rf2+ 44. Rc2 Rxc2+ 45.
Kxc2 Kf7 46. Kc3 Ke6 47. Kd4 Kd6 48. a3 Bd7 49. a4 Be6 50. b4 Bd7 51. b5 axb5
52. axb5 Bxb5 53. Ke4 Ke6 54. Kf4 Kf6 55. Kf3 Kg5 56. Kg3 Bd7 57. Kf3 Kh4 0-1

[Event "Wuerttemberg-Saarland"]
[Site "Wismar"]
[Date "2009.10.03"]
[Round "7.4"]
[White "Schaefer, Alexander"]
[Black "Frischmann, Rick"]
[Result "1/2-1/2"]
[WhiteElo "2073"]
[BlackElo "1846"]
[PlyCount "52"]
[EventDate "2009.??.??"]

1. e4 c5 2. Nf3 e6 3. d4 cxd4 4. Nxd4 a6 5. c4 Qc7 6. Nc3 Nf6 7. Be2 d6 8. O-O
Be7 9. Kh1 O-O 10. f4 b6 11. Qe1 Bb7 12. Bd3 Nbd7 13. Bd2 Rfe8 14. Rc1 Rac8 15.
b4 Qb8 16. Qg3 Kh8 17. Rce1 Nf8 18. Qh3 N6d7 19. e5 g6 20. Qh6 dxe5 21. f5 exd4
22. fxg6 f5 23. g7+ Kg8 24. gxf8=Q+ Bxf8 25. Qg5+ Bg7 26. Ne2 Qe5 1/2-1/2

[Event "Wuerttemberg-Saarland"]
[Site "Wismar"]
[Date "2009.10.03"]
[Round "7.5"]
[White "Sonnhalter, Stella"]
[Black "Xu, Xianliang"]
[Result "0-1"]
[WhiteElo "1746"]
[BlackElo "1961"]
[PlyCount "74"]
[EventDate "2009.??.??"]
[WhiteTeam "Saarland"]
[BlackTeam "Württemberg"]

1. e4 c5 2. Nf3 Nc6 3. d4 cxd4 4. Nxd4 g6 5. Nc3 Bg7 6. Be3 Nf6 7. Bc4 O-O 8.
Bb3 d6 9. f3 Bd7 10. Qd2 Rc8 11. g4 Ne5 12. O-O-O Nc4 13. Bxc4 Rxc4 14. Kb1 b5
15. h4 a5 16. h5 a4 17. hxg6 fxg6 18. g5 b4 19. gxf6 bxc3 20. Qh2 exf6 21.
Qxh7+ Kf7 22. Bh6 Rg8 23. Rhg1 g5 24. Nf5 Bxf5 25. Qxf5 Qb6 26. Qd5+ Ke7 27. b3
axb3 28. axb3 Rcc8 29. Bxg7 Rxg7 30. Qd3 Rc6 31. Qd4 Qxd4 32. Rxd4 Ke6 33. b4
Ra6 34. b5 Ra5 35. Rgd1 Rxb5+ 36. Kc1 Ra7 37. Rxd6+ Ke7 0-1

[Event "Wuerttemberg-Saarland"]
[Site "Wismar"]
[Date "2009.10.03"]
[Round "7.6"]
[White "Stitterich, Nadine"]
[Black "Schmitt, Carsten"]
[Result "1-0"]
[WhiteElo "1941"]
[BlackElo "1588"]
[PlyCount "97"]
[EventDate "2009.??.??"]
[WhiteTeam "Württemberg"]
[BlackTeam "Saarland"]

1. e4 c5 2. Nf3 Nc6 3. d4 cxd4 4. Nxd4 g6 5. Nc3 Bg7 6. Be3 a6 7. Bc4 d6 8. f3
Nf6 9. Qd2 O-O 10. O-O Nxd4 11. Bxd4 Bd7 12. Rfe1 Rc8 13. Bb3 Bc6 14. Nd5 Bxd5
15. exd5 Nh5 16. Re2 Bxd4+ 17. Qxd4 Ng7 18. Rae1 Re8 19. Kh1 Rc5 20. Qf2 Qd7
21. g4 e6 22. dxe6 Nxe6 23. Rd1 Qc6 24. Red2 Rd8 25. Qg3 Re5 26. Bd5 Qb6 27. c3
Nc7 28. Bb3 Qc6 29. Qg2 Re7 30. f4 Qxg2+ 31. Kxg2 Ne8 32. Kf3 Kg7 33. Rd3 f5
34. gxf5 gxf5 35. Ba4 b5 36. Bc2 Kf6 37. Rd5 Ng7 38. Rxd6+ Rxd6 39. Rxd6+ Re6
40. Rd8 Re8 41. Rxe8 Nxe8 42. a4 Nd6 43. axb5 Nxb5 44. Bd3 Nc7 45. Bc4 a5 46.
Ke3 Kg6 47. Kd4 Kh5 48. Ke5 Kg4 49. Bf1 1-0

[Event "Wuerttemberg-Saarland"]
[Site "Wismar"]
[Date "2009.10.03"]
[Round "7.7"]
[White "Bruehan, Caren"]
[Black "Kaulich, Philipp Theodor"]
[Result "0-1"]
[WhiteElo "1291"]
[BlackElo "1902"]
[PlyCount "72"]
[EventDate "2009.??.??"]
[WhiteTeam "Saarland"]
[BlackTeam "Württemberg"]

1. d4 f5 2. Nc3 Nf6 3. Bg5 d5 4. Nf3 c6 5. Bxf6 exf6 6. e3 Qb6 7. Rb1 Bd6 8.
Bd3 O-O 9. O-O Be6 10. Na4 Qa5 11. b3 Nd7 12. c4 b5 13. Nc5 Bxc5 14. dxc5 dxc4
15. bxc4 bxc4 16. Bxc4 Bxc4 17. Qxd7 Rad8 18. Qxc6 Bxf1 19. Kxf1 Qxa2 20. Re1
Qc4+ 21. Kg1 Rc8 22. Qd7 Qxc5 23. Nd4 Rc7 24. Qe6+ Kh8 25. Qa2 Qc4 26. Qxc4
Rxc4 27. Nxf5 Ra8 28. Ra1 Rac8 29. Rf1 Rc1 30. Nd6 R8c2 31. Nb7 Kg8 32. f3 Kf8
33. g4 Rxf1+ 34. Kxf1 Rxh2 35. e4 Ke7 36. Na5 Ra2 0-1

[Event "Wuerttemberg-Saarland"]
[Site "Wismar"]
[Date "2009.10.03"]
[Round "7.8"]
[White "Weber, Sandra"]
[Black "Hess, Sophie"]
[Result "1-0"]
[WhiteElo "1334"]
[BlackElo "970"]
[PlyCount "115"]
[EventDate "2009.??.??"]
[WhiteTeam "Württemberg"]
[BlackTeam "Saarland"]

1. e4 e5 2. Nf3 Nc6 3. Bb5 a6 4. Ba4 d6 5. h3 Bd7 6. c3 Nf6 7. Bc2 Be7 8. O-O
h6 9. Re1 Nh7 10. d4 f6 11. d5 Nb8 12. Nh4 g5 13. Qh5+ Kf8 14. Ng6+ Kg7 15.
Nxh8 Kxh8 16. h4 Be8 17. Qg4 Bd7 18. Qg3 c6 19. hxg5 fxg5 20. c4 a5 21. Qh2 Qb6
22. Qxh6 Na6 23. Nc3 Rf8 24. Rf1 Nb4 25. Be3 c5 26. Rac1 Qa6 27. b3 Nxc2 28.
Rxc2 b5 29. cxb5 Bxb5 30. Nxb5 Qxb5 31. Rc4 Qe8 32. Bd2 Rf6 33. Qh3 Rg6 34.
Bxa5 g4 35. Qh2 Rg7 36. Bd2 Rg6 37. Rc3 Kg8 38. f3 g3 39. Qh3 Bd8 40. f4 exf4
41. Bxf4 Qxe4 42. Rxg3 Rxg3 43. Qxg3+ Kh8 44. Bxd6 Bh4 45. Be5+ Bf6 46. Bxf6+
Nxf6 47. Rxf6 Qd4+ 48. Rf2 Qd1+ 49. Kh2 Qh5+ 50. Qh3 Qxh3+ 51. Kxh3 Kg7 52. a4
Kg6 53. d6 c4 54. bxc4 Kg7 55. d7 Kg6 56. d8=Q Kh5 57. Qg8 Kh6 58. Rf7 1-0

[Event "Sachsen-Anhalt-Rheinland-Pfalz"]
[Site "Wismar"]
[Date "2009.10.03"]
[Round "7.2"]
[White "Mertens, Pauline"]
[Black "Hastrich, Julian"]
[Result "0-1"]
[WhiteElo "2014"]
[BlackElo "2153"]
[PlyCount "44"]
[EventDate "2009.??.??"]
[WhiteTeam "Sachsen-Anhalt"]
[BlackTeam "Rheinland-Pfalz"]

1. e4 e5 2. Nf3 Nf6 3. Nxe5 d6 4. Nf3 Nxe4 5. d4 d5 6. Bd3 Bd6 7. O-O O-O 8. c4
c6 9. Nc3 Nxc3 10. bxc3 Bg4 11. h3 Bh5 12. cxd5 cxd5 13. Be2 Nd7 14. Qb3 Nb6
15. Ba3 Re8 16. Rfe1 Rxe2 17. Rxe2 Bxf3 18. gxf3 Qg5+ 19. Kf1 Bh2 20. Ree1 Qg1+
21. Ke2 Re8+ 22. Kd2 Qxf2+ 0-1

[Event "Sachsen-Anhalt-Rheinland-Pfalz"]
[Site "Wismar"]
[Date "2009.10.03"]
[Round "7.3"]
[White "Stahnecker, Ludwig"]
[Black "Mueller, Alexander"]
[Result "1-0"]
[WhiteElo "1951"]
[BlackElo "1928"]
[PlyCount "97"]
[EventDate "2009.??.??"]
[WhiteTeam "Rheinland-Pfalz"]
[BlackTeam "Sachsen-Anhalt"]

1. e4 c5 2. Nf3 e6 3. d4 cxd4 4. Nxd4 Nc6 5. Nc3 Qc7 6. Be3 a6 7. Be2 Nf6 8.
O-O Bb4 9. f3 O-O 10. Kh1 Ne5 11. f4 Bxc3 12. fxe5 Bxd4 13. Qxd4 Ne8 14. c4 Qc6
15. Bg5 d6 16. Be7 dxe5 17. Qc5 Qxc5 18. Bxc5 Nf6 19. Bxf8 Kxf8 20. Bd3 Bd7 21.
b4 Bc6 22. Rad1 Ke7 23. Kg1 Bxe4 24. Bxe4 Nxe4 25. Rd3 Rc8 26. c5 f5 27. a4 Nf6
28. Rc1 e4 29. Rb3 Nd5 30. b5 Rc7 31. g3 Kf6 32. c6 axb5 33. axb5 bxc6 34. Rxc6
Rb7 35. Kf2 Ke5 36. b6 g5 37. Rb5 h6 38. Ke2 f4 39. g4 h5 40. gxh5 g4 41. h6
f3+ 42. Ke1 Kd4 43. Rxe6 Nf4 44. Rb4+ Kd5 45. Rexe4 Nd3+ 46. Kf1 Nxb4 47. Rxb4
Ke5 48. h7 Rxh7 49. b7 1-0

[Event "Sachsen-Anhalt-Rheinland-Pfalz"]
[Site "Wismar"]
[Date "2009.10.03"]
[Round "7.4"]
[White "Zimmermann, Christian"]
[Black "Remy, Janina"]
[Result "1/2-1/2"]
[WhiteElo "1720"]
[BlackElo "2004"]
[PlyCount "113"]
[EventDate "2009.??.??"]
[WhiteTeam "Sachsen-Anhalt"]
[BlackTeam "Rheinland-Pfalz"]

1. e4 c6 2. d4 d5 3. exd5 cxd5 4. Bd3 Nc6 5. c3 Nf6 6. Bf4 Bg4 7. Qb3 Qc8 8.
Nd2 e6 9. Ngf3 Bxf3 10. Nxf3 Be7 11. O-O O-O 12. Rfe1 a6 13. Qd1 b5 14. a3 Na5
15. Ne5 Nc4 16. Rb1 a5 17. Qf3 b4 18. axb4 axb4 19. Qh3 bxc3 20. bxc3 g6 21.
Bg5 Bd8 22. Nxc4 dxc4 23. Be2 Nd5 24. Bxd8 Rxd8 25. Rb5 Ra6 26. Reb1 Qc7 27.
Rb7 Qc6 28. Qf3 Rf8 29. R7b5 Ra1 30. Bf1 Rxb1 31. Rxb1 Qa4 32. Rd1 Qb3 33. Re1
Rc8 34. Qh3 Qxc3 35. Qxc3 Nxc3 36. Rc1 Nb5 37. Rxc4 Rxc4 38. Bxc4 Nxd4 39. f4
Kg7 40. Kf2 Nc6 41. Kf3 e5 42. Ke4 exf4 43. Kxf4 h5 44. h4 Nd4 45. g4 hxg4 46.
Kxg4 f5+ 47. Kf4 Kh6 48. Ke3 Nc2+ 49. Kf4 Kh5 50. Bf7 Ne1 51. Ke5 Ng2 52. Kf6
Kxh4 53. Bxg6 f4 54. Be4 Kg3 55. Ke5 Ne1 56. Kd4 Kf2 57. Ke5 1/2-1/2

[Event "Sachsen-Anhalt-Rheinland-Pfalz"]
[Site "Wismar"]
[Date "2009.10.03"]
[Round "7.5"]
[White "Yankelevich, Lev"]
[Black "Mueller, Alexandra"]
[Result "1-0"]
[WhiteElo "1943"]
[BlackElo "1713"]
[PlyCount "61"]
[EventDate "2009.??.??"]
[WhiteTeam "Rheinland-Pfalz"]
[BlackTeam "Sachsen-Anhalt"]

1. e4 e5 2. Nf3 Nc6 3. Bc4 Bc5 4. c3 Nf6 5. d3 d6 6. Bb3 O-O 7. h3 h6 8. O-O a6
9. Be3 Ba7 10. Bxa7 Rxa7 11. Re1 Ne7 12. d4 Ng6 13. Na3 b5 14. d5 Nf4 15. Kh2
Nh7 16. Ng1 f5 17. Bc2 fxe4 18. Bxe4 Ng5 19. Nf3 Nxe4 20. Rxe4 Qf6 21. Ne1 Bb7
22. Nac2 Bxd5 23. Re3 Bb7 24. Rg3 Qe6 25. Nd3 Nxd3 26. Qxd3 Rxf2 27. Qe3 Rxc2
28. Qxa7 Qd5 29. Rg1 Qc6 30. Qb8+ Kh7 31. Qd8 1-0

[Event "Sachsen-Anhalt-Rheinland-Pfalz"]
[Site "Wismar"]
[Date "2009.10.03"]
[Round "7.6"]
[White "Knopf, Felix"]
[Black "Zimmer, Ketsarin"]
[Result "0-1"]
[WhiteElo "1667"]
[BlackElo "1774"]
[PlyCount "62"]
[EventDate "2009.??.??"]
[WhiteTeam "Sachsen-Anhalt"]
[BlackTeam "Rheinland-Pfalz"]

1. d4 Nf6 2. Nf3 d5 3. c4 e6 4. Nc3 b6 5. cxd5 Nxd5 6. e4 Nf6 7. Bg5 Be7 8.
Bb5+ c6 9. Bd3 Bb7 10. O-O h6 11. Bf4 Nbd7 12. Rc1 Rc8 13. Re1 g5 14. Bg3 Nh5
15. d5 Nc5 16. Bc4 Nxg3 17. hxg3 b5 18. Bf1 a6 19. b4 Nd7 20. d6 Bf6 21. e5 Bg7
22. Qd4 c5 23. bxc5 Bxf3 24. gxf3 Rxc5 25. f4 gxf4 26. gxf4 Rg8 27. Bg2 Rc4 28.
Qd3 Rxf4 29. Qh7 Kf8 30. Qc2 Bxe5 31. Kf1 Bxd6 0-1

[Event "Sachsen-Anhalt-Rheinland-Pfalz"]
[Site "Wismar"]
[Date "2009.10.03"]
[Round "7.7"]
[White "Bohrmann, Sandra"]
[Black "Priese, Annika"]
[Result "1/2-1/2"]
[WhiteElo "1579"]
[BlackElo "1284"]
[PlyCount "66"]
[EventDate "2009.??.??"]
[WhiteTeam "Rheinland-Pfalz"]
[BlackTeam "Sachsen-Anhalt"]

1. e4 c5 2. c4 d6 3. Nc3 Nf6 4. d3 Nc6 5. g3 g6 6. Bg2 Bg7 7. Nge2 O-O 8. O-O
Bd7 9. Rb1 Qc8 10. Bf4 h5 11. Qd2 Kh7 12. h4 Bh3 13. a3 Bxg2 14. Kxg2 Ng4 15.
Nd5 f5 16. f3 Nf6 17. Nxf6+ Bxf6 18. b4 b6 19. b5 Nd4 20. Nxd4 Bxd4 21. Bg5 Bf6
22. Rbe1 e5 23. Bxf6 Rxf6 24. Qg5 Qf8 25. f4 Re8 26. Rf2 fxe4 27. dxe4 exf4 28.
Rxf4 Rxf4 29. Qxf4 Qe7 30. a4 Qe6 31. Qc1 Qg4 32. Qe3 Qe6 33. Qe2 Qe5 1/2-1/2

[Event "Sachsen-Anhalt-Rheinland-Pfalz"]
[Site "Wismar"]
[Date "2009.10.03"]
[Round "7.8"]
[White "Pallas, Sebastian"]
[Black "Schwarz, Larissa"]
[Result "0-1"]
[WhiteElo "1371"]
[BlackElo "1391"]
[PlyCount "38"]
[EventDate "2009.??.??"]
[WhiteTeam "Sachsen-Anhalt"]
[BlackTeam "Rheinland-Pfalz"]

1. d4 d5 2. c4 e6 3. Nc3 Nf6 4. Bg5 Be7 5. Nf3 Nbd7 6. e3 O-O 7. Bd3 dxc4 8.
Bxc4 c5 9. O-O b6 10. Qe2 Bb7 11. Rfd1 cxd4 12. Nxd4 Re8 13. Rac1 a6 14. Nxe6
Qc8 15. Nd4 Bc5 16. a3 b5 17. Bb3 Bxd4 18. Rxd4 Qc5 19. Qd2 Qxg5 0-1